00784nam a22002297a 450000500170000001000130001702000220003003500130005203700160006504000120008108200130009324500910010626000570019727000360025430000230029065000210031370000260033470000330036094200220039399900190041595201200043420170124110159.0 aA-410837 c00.00a019562551X aA-410837 bCen Lib/Ret aDPLbEN a080bSEL aSelected letters on Romain Rolland /cedited by Francis Dore [and] Marie Laure Prevost aDelhibIndira Gandhi national centres for artsc1990 bDelhiaOxford university press  axi,139p.c21cm(Hb) aBiography 97490 aDore, Francis9101727 aPrevost, Marie Laure 935586 2ddccENh080mSEL c132734d132734 00104070aLbLd2015-07-23eCen Lib/Retg0.00l0o080 SELpA-410837r2015-07-23 00:00:00t1v0.00w2015-07-23yEN